| 000 | 00570nam a2200205 4500 | ||
|---|---|---|---|
| 001 | 117540 | ||
| 003 | ES-MaACL | ||
| 005 | 20230906190927.0 | ||
| 007 | t| | ||
| 008 | 070214s1967 sp r ||||1| spa d | ||
| 245 | 0 | 0 | _aPanorama de la ganadería española. |
| 260 |
_aMadrid : _bEdiciones del Movimiento, _c1967. |
||
| 300 |
_a100 p. ; _c21 cm. |
||
| 490 | 1 | _aNuevo horizonte | |
| 650 | 4 |
_aGanadería- _zEspaña. _9136165 |
|
| 710 | 2 |
_aEdiciones del Movimiento. _9171800 |
|
| 830 | 1 |
_aNuevo horizonte _9181183 |
|
| 852 |
_aES-MaACL _jC-34089 |
||
| 999 |
_c117540 _d117540 |
||